| 000 | 00447nam a2200145 4500 | ||
|---|---|---|---|
| 001 | 122779 | ||
| 003 | ES-MaACL | ||
| 007 | t| | ||
| 008 | 070214s1908 fr r ||||1| fre d | ||
| 100 | 1 |
_aPuiseux, Pierre Henri. _994313 |
|
| 245 | 1 | 3 |
_aLa terre et la lune _b: forme exterieure et structure interne / _cpar Pierre Henri Puiseux. |
| 260 |
_aParis : _bGauthier-Villars, _c1908. |
||
| 300 |
_a176 p. con lám. ; _c25 cm. |
||
| 852 |
_aES-MaACL _jB-4789 |
||
| 999 |
_c122779 _d122779 |
||